វេយ្យាករណ៍ខ្មែរ សម្រាប់បឋមសិក្សា / (Record no. 3626)

MARC details
000 -LEADER
fixed length control field 01743nam a22002537a 4500
001 - CONTROL NUMBER
control field 3626
003 - CONTROL NUMBER IDENTIFIER
control field FISKH
005 - DATE AND TIME OF LATEST TRANSACTION
control field 20240719111056.0
008 - FIXED-LENGTH DATA ELEMENTS--GENERAL INFORMATION
fixed length control field 240329b cb ||||| |||| 00| 0 eng d
040 ## - CATALOGING SOURCE
Original cataloging agency FISKH
Language of cataloging khr
Transcribing agency FISKH
Modifying agency FISKH
050 ## - LIBRARY OF CONGRESS CALL NUMBER
Classification number PZ7
082 ## - DEWEY DECIMAL CLASSIFICATION NUMBER
Classification number 495.932
100 ## - MAIN ENTRY--PERSONAL NAME
Personal name Bopha, Oum Tongbotta, Seng
245 ## - TITLE STATEMENT
Title វេយ្យាករណ៍ខ្មែរ សម្រាប់បឋមសិក្សា /
260 ## - PUBLICATION, DISTRIBUTION, ETC.
Place of publication, distribution, etc. ភ្នំពេញ :
Name of publisher, distributor, etc. គ្រិះស្ថានបោះពុម្ពនិងចែកផ្សាយ,
Date of publication, distribution, etc. 2012.
300 ## - PHYSICAL DESCRIPTION
Extent 52 pages :
Dimensions 21 cm
520 ## - SUMMARY, ETC.
Summary, etc. សៀវភៅវេយ្យាករណ៍ថ្មីនេះ ត្រូវបានដកស្រង់ចេញពីសៀវភៅផាសាខ្មែរបឋមសិក្សា​ ដែលស្របទៅតាមកម្មវិធីសិក្សារថ្មីរបស់ ក្រសួងអប់រំ យុវជន និងកីឡា។ សៀវភៅនេះរៀបចំឡើងដើម្បីជាភាពងាយស្រួលនៅក្នុងការសិក្សាររៀនសូត្រ ព្រោះបានសង្ខេបមេរៀនសំខាន់់ៗពីសៀវភៅដើម។
520 ## - SUMMARY, ETC.
Summary, etc. This new grammar textbook is taken from the Khmer Primary School textbook, which is in line with the new curriculum of the Ministry of Education, Youth and Sports. This book is designed to be easy to learn because it summarizes the important lessons from the original book.
650 ## - SUBJECT ADDED ENTRY--TOPICAL TERM
Topical term or geographic name entry element វេយ្យាករណ៍ Grammar
650 ## - SUBJECT ADDED ENTRY--TOPICAL TERM
Topical term or geographic name entry element Grammar
700 ## - ADDED ENTRY--PERSONAL NAME
Personal name Tongbotta, Seng
Relator term Author
942 ## - ADDED ENTRY ELEMENTS (KOHA)
Source of classification or shelving scheme Dewey Decimal Classification
Koha item type Khmer Books
Suppress in OPAC No
Holdings
Withdrawn status Lost status Source of classification or shelving scheme Damaged status Not for loan Collection Home library Current library Shelving location Date acquired Total Checkouts Full call number Barcode Date last seen Copy number Price effective from Koha item type
    Dewey Decimal Classification     Reference Footprints International School Library Network Toul Kork Campus Footprints International School Library Network Toul Kork Campus TK Old Khmer Books (Rear Hallway Shelf 3) 03/29/2024   BOP 495.932 PZ7 FISTK03531 03/29/2024 1 03/29/2024 Khmer Books
    Dewey Decimal Classification     Reference Footprints International School Library Network Toul Kork Campus Footprints International School Library Network Toul Kork Campus TK Old Khmer Books (Rear Hallway Shelf 3) 07/18/2024   BOP 495.932 PZ7 FISTK03530 07/18/2024 2 03/29/2024 Khmer Books